<?xml version="1.0" encoding="UTF-8"?><?xml-stylesheet type="text/xsl" href="static/style.xsl"?><OAI-PMH xmlns="http://www.openarchives.org/OAI/2.0/" xmlns:xsi="http://www.w3.org/2001/XMLSchema-instance" xsi:schemaLocation="http://www.openarchives.org/OAI/2.0/ http://www.openarchives.org/OAI/2.0/OAI-PMH.xsd"><responseDate>2026-06-03T18:13:20Z</responseDate><request verb="GetRecord" identifier="oai:riuma.uma.es:10630/29573" metadataPrefix="marc">https://riuma.uma.es/rest/oai/request</request><GetRecord><record><header><identifier>oai:riuma.uma.es:10630/29573</identifier><datestamp>2026-02-03T11:05:20Z</datestamp><setSpec>com_10630_2254</setSpec><setSpec>col_10630_37953</setSpec></header><metadata><record xmlns="http://www.loc.gov/MARC21/slim" xmlns:dcterms="http://purl.org/dc/terms/" xmlns:doc="http://www.lyncode.com/xoai" xmlns:xsi="http://www.w3.org/2001/XMLSchema-instance" xsi:schemaLocation="http://www.loc.gov/MARC21/slim http://www.loc.gov/standards/marcxml/schema/MARC21slim.xsd">
   <leader>00925njm 22002777a 4500</leader>
   <datafield ind2=" " ind1=" " tag="042">
      <subfield code="a">dc</subfield>
   </datafield>
   <datafield ind2=" " ind1=" " tag="720">
      <subfield code="a">Cebrián-Robles, Daniel</subfield>
      <subfield code="e">author</subfield>
   </datafield>
   <datafield ind2=" " ind1=" " tag="720">
      <subfield code="a">Serrano-Angulo, José</subfield>
      <subfield code="e">author</subfield>
   </datafield>
   <datafield ind2=" " ind1=" " tag="720">
      <subfield code="a">Cebrián-de-la-Serna, Manuel</subfield>
      <subfield code="e">author</subfield>
   </datafield>
   <datafield ind2=" " ind1=" " tag="260">
      <subfield code="c">2014</subfield>
   </datafield>
   <datafield ind2=" " ind1=" " tag="520">
      <subfield code="a">The European Higher Education Area (EHEA) is a political programme for higher education in Europe that was developed in the context of the Bologna process. It highlights the importance of focusing education on students' learning. It also claims that students should achieve certain skills in a self-study process supported by their teachers. This approach demands that students reflect upon and self-assess their learning. It therefore requires that research is conducted on new technologies that require a greater involvement of students in their own education. The technologies require a higher commitment from students regarding their own assessment. eRubric evaluation is part of this conception of technology-enhanced learning and formative assessment. It is an evaluation method, a technique and an assessment management tool to support self-regulation of the learning process. Information is given about a research project to construct the use of eRubrics.</subfield>
   </datafield>
   <datafield ind1="8" ind2=" " tag="024">
      <subfield code="a">Cebrián-Robles, D., Serrano-Angulo, J. and Cebrián-de-la-Serna, M. (2014). Federated eRubric Service to Facilitate Self-regulated Learning in the European University Model. European Educational Research Journal, 13(5), 575–584.</subfield>
   </datafield>
   <datafield ind1="8" ind2=" " tag="024">
      <subfield code="a">https://hdl.handle.net/10630/29573</subfield>
   </datafield>
   <datafield ind1="8" ind2=" " tag="024">
      <subfield code="a">10.2304/eerj.2014.13.5.575</subfield>
   </datafield>
   <datafield tag="653" ind2=" " ind1=" ">
      <subfield code="a">Enseñanza superior - Innovaciones tecnológicas</subfield>
   </datafield>
   <datafield ind2="0" ind1="0" tag="245">
      <subfield code="a">Federated eRubric Service to Facilitate Self-regulated Learning in the European University Model</subfield>
   </datafield>
</record>
</metadata></record></GetRecord></OAI-PMH>